00986 a2200181 45000010006000000050017000060080041000230030015000640400040000790800109001192450057002280200022002852640032003073000022003395050412003610410008007731000023007816308720260407155926.0260407a1995 arg spa dAR-UNSa-BCEJYS aAR-UNSa-BCEJYSbspacAR-UNSa-BCEJYS a339.9xEconomía internacional en general. Relaciones económicas internacionales. Economía mundial 10aEconomía internacional e integración económica a978-84-481-1626-2 1aMadrid :bMcGraw-Hillc1995 ax, 246 p.c23 cm. a1. La economía internacional: una introducción – 2. El comercio internacional – 3. Políticas comerciales – 4. Tipos de cambio y sistemas de paridades – 5. Las interdependencias en la economía mundial – 6. Integración comercial – 7. Integración monetaria – 8. La economía internacional y el crecimiento económico – 9. Los países en transición a economías de mercado -  aspa1 aTugores Ques, Juan